00511nam a22001697a 4500003000400000020001800004082001900022100001900041245003400060250000800094260002600102300000800128650001500136942001200151952016100163999001700324SGT a9780470961407 a616.0757bC14S aSarment, David aCone Beam Computed Topography a1st bWiley Blackwellc2014 a279 aRadiology  2ddccBK 00102ddc405171aFDbFDcREFd2024-08-22eAhuja Book Co. Pvt. Ltd. g12913.00iSGTUl0o616.0757 C14SpFD9453r2024-08-22 00:00:00w0000-00-00yBKk19153 c26814d26814